000 00838nam a2200265Ia 4500
003 OSt
005 20220930093016.0
006 a|||||r|||| 00| 0
007 ta
008 220926b |||||||| |||| 00| 0 eng d
024 _a28338
037 _cTheses
040 _aCRL
_cCRL
_beng
041 _2eng
_aeng
100 _aNagar Itisha
_9550341
110 _aUniversity of Delhi. Faculty of Arts. Department of Psychology
_9169788
245 0 _aTheory of mind and executive functioning in autism
260 _c2015
650 _aPSYCHOLOGY
700 _a Dr. Gulgoona Jamal Gu.
_9550342
700 _a Prof. Ahum Gupta Gu.
_9550343
700 _aUniversity of Delhi. Faculty of Arts. Department of Psychology
_9169789
942 _cDIS
_2CC
999 _c884665
_d884665